000 00973nam a22001697a 4500
008 140910b xxu||||| |||| 00| 0 eng d
020 _a9781405783170
050 _aKD310.H34(5e vol.88A)
245 _aHalsbury laws of England, vol. 88 A: rights and freedoms. /
_cedited by Lord Mackay.
250 _a5th ed.
260 _aLondon:
_bLexis Nexis,
_c2013.
300 _a590p. :
_c26cm.
440 _vvol. 88 A
_pRights and freedoms.
505 _aContents: Hows to use Halsbury's laws of England -- References and abbreviations -- Table of statutes -- Table of statutory instruments -- Table of civil procedure -- Table of European union legislation -- Table of conventions, etc --Table of cases -- Volume 88 A: Rights and freedoms -- Domestic sources of rights and freedoms -- International sources of rights and freedoms and their institutions -- The fundamental rights and freedoms -- How rights and freedoms work -- Index.
700 _aMackay, Lord.
942 _2lcc
_cBK
999 _c4539
_d12039